| LEADER | 10380nam a2200985 4500 | ||
|---|---|---|---|
| 999 | |c 15217 |d 15217 | ||
| 022 | |a 0866-7373 | ||
| 082 | |a 910 |b D 500 l | ||
| 100 | |a Bộ văn hóa thể thao và du lịch -Tổng cục du lịch | ||
| 245 | |a Du lịch |c Bộ văn hóa thể thao và du lịch -Tổng cục du lịch | ||
| 500 | |a | ||
| 520 | |a | ||
| 653 | |a Tạp chí | ||
| 653 | |a Du lịch | ||
| 910 | |a | ||
| 942 | |2 ddc |c BTC |s 1 | ||
| 952 | |0 0 |1 0 |2 ddc |4 0 |6 910_000000000000000_D_500_L |7 0 |8 900 |9 114816 |a qbu |b qbu |c D1 |d 2018-07-25 |o 910 D 500 l |p TC53.C1 |r 2018-07-25 |w 2018-07-25 |y BTC | ||
| 952 | |0 0 |1 0 |2 ddc |4 0 |6 910_000000000000000_D_500_L |7 0 |9 115312 |a qbu |b qbu |d 2018-09-11 |o 910 D 500 l |p TC53.C2 |r 2018-09-11 |w 2018-09-11 |y BTC | ||
| 952 | |0 0 |1 0 |2 ddc |4 0 |6 910_000000000000000_D_500_L |7 0 |9 115353 |a qbu |b qbu |d 2018-11-02 |o 910 D 500 l |p TC53.C3 |r 2018-11-02 |w 2018-11-02 |y BTC | ||
| 952 | |0 0 |1 0 |2 ddc |4 0 |6 910_000000000000000_D_500_L |7 0 |9 115354 |a qbu |b qbu |d 2018-11-02 |o 910 D 500 l |p TC53.C4 |r 2018-11-02 |w 2018-11-02 |y BTC | ||
| 952 | |0 0 |1 0 |2 ddc |4 0 |6 910_000000000000000_D_500_L |7 0 |9 115355 |a qbu |b qbu |d 2018-11-02 |o 910 D 500 l |p TC53.C5 |r 2018-11-02 |w 2018-11-02 |y BTC | ||
| 952 | |0 0 |1 0 |2 ddc |4 0 |6 910_000000000000000_D_500_L |7 0 |9 115356 |a qbu |b qbu |d 2018-11-02 |o 910 D 500 l |p TC53.C6 |r 2018-11-02 |w 2018-11-02 |y BTC | ||
| 952 | |0 0 |1 0 |2 ddc |4 0 |6 910_000000000000000_D_500_L |7 0 |9 115357 |a qbu |b qbu |d 2018-11-02 |o 910 D 500 l |p TC53.C7 |r 2018-11-02 |w 2018-11-02 |y BTC | ||
| 952 | |0 0 |1 0 |2 ddc |4 0 |6 910_000000000000000_D_500_L |7 0 |9 115358 |a qbu |b qbu |d 2018-11-02 |o 910 D 500 l |p TC53.C8 |r 2018-11-02 |w 2018-11-02 |y BTC | ||
| 952 | |0 0 |1 0 |2 ddc |4 0 |6 910_000000000000000_D_500_L |7 0 |9 115359 |a qbu |b qbu |d 2018-11-02 |o 910 D 500 l |p TC53.C9 |r 2018-11-02 |w 2018-11-02 |y BTC | ||
| 952 | |0 0 |1 0 |2 ddc |4 0 |6 910_000000000000000_D_500_L |7 0 |9 115360 |a qbu |b qbu |d 2018-11-02 |o 910 D 500 l |p TC53.C10 |r 2018-11-02 |w 2018-11-02 |y BTC | ||
| 952 | |0 0 |1 0 |2 ddc |4 0 |6 910_000000000000000_D_500_L |7 0 |9 115393 |a qbu |b qbu |d 2018-11-05 |o 910 D 500 l |p TC53.C11 |r 2018-11-05 |w 2018-11-05 |y BTC | ||
| 952 | |0 0 |1 0 |2 ddc |4 0 |6 910_000000000000000_D_500_L |7 0 |9 115394 |a qbu |b qbu |d 2018-11-05 |o 910 D 500 l |p TC53.C12 |r 2018-11-05 |w 2018-11-05 |y BTC | ||
| 952 | |0 0 |1 0 |2 ddc |4 0 |6 910_000000000000000_D_500_L |7 0 |9 115395 |a qbu |b qbu |d 2018-11-05 |o 910 D 500 l |p TC53.C13 |r 2018-11-05 |w 2018-11-05 |y BTC | ||
| 952 | |0 0 |1 0 |2 ddc |4 0 |6 910_000000000000000_D_500_L |7 0 |9 115396 |a qbu |b qbu |d 2018-11-05 |o 910 D 500 l |p TC53.C14 |r 2018-11-05 |w 2018-11-05 |y BTC | ||
| 952 | |0 0 |1 0 |2 ddc |4 0 |6 910_000000000000000_D_500_L |7 0 |9 115397 |a qbu |b qbu |d 2018-11-05 |o 910 D 500 l |p TC53.C15 |r 2018-11-05 |w 2018-11-05 |y BTC | ||
| 952 | |0 0 |1 0 |2 ddc |4 0 |6 910_000000000000000_D_500_L |7 0 |9 115398 |a qbu |b qbu |d 2018-11-05 |o 910 D 500 l |p TC53.C16 |r 2018-11-05 |w 2018-11-05 |y BTC | ||
| 952 | |0 0 |1 0 |2 ddc |4 0 |6 910_000000000000000_D_500_L |7 0 |9 115399 |a qbu |b qbu |d 2018-11-05 |o 910 D 500 l |p TC53.C17 |r 2018-11-05 |w 2018-11-05 |y BTC | ||
| 952 | |0 0 |1 0 |2 ddc |4 0 |6 910_000000000000000_D_500_L |7 0 |9 115400 |a qbu |b qbu |d 2018-11-05 |o 910 D 500 l |p TC53.C18 |r 2018-11-05 |w 2018-11-05 |y BTC | ||
| 952 | |0 0 |1 0 |2 ddc |4 0 |6 910_000000000000000_D_500_L |7 0 |9 115401 |a qbu |b qbu |d 2018-11-05 |o 910 D 500 l |p TC53.C19 |r 2018-11-05 |w 2018-11-05 |y BTC | ||
| 952 | |0 0 |1 0 |2 ddc |4 0 |6 910_000000000000000_D_500_L |7 0 |9 115402 |a qbu |b qbu |d 2018-11-05 |o 910 D 500 l |p TC53.C20 |r 2018-11-05 |w 2018-11-05 |y BTC | ||
| 952 | |0 0 |1 0 |2 ddc |4 0 |6 910_000000000000000_D_500_L |7 0 |9 115403 |a qbu |b qbu |d 2018-11-05 |o 910 D 500 l |p TC53.C21 |r 2018-11-05 |w 2018-11-05 |y BTC | ||
| 952 | |0 0 |1 0 |2 ddc |4 0 |6 910_000000000000000_D_500_L |7 0 |9 115404 |a qbu |b qbu |d 2018-11-05 |o 910 D 500 l |p TC53.C22 |r 2018-11-05 |w 2018-11-05 |y BTC | ||
| 952 | |0 0 |1 0 |2 ddc |4 0 |6 910_000000000000000_D_500_L |7 0 |9 115405 |a qbu |b qbu |d 2018-11-05 |o 910 D 500 l |p TC53.C23 |r 2018-11-05 |w 2018-11-05 |y BTC | ||
| 952 | |0 0 |1 0 |2 ddc |4 0 |6 910_000000000000000_D_500_L |7 0 |9 115406 |a qbu |b qbu |d 2018-11-05 |o 910 D 500 l |p TC53.C24 |r 2018-11-05 |w 2018-11-05 |y BTC | ||
| 952 | |0 0 |1 0 |2 ddc |4 0 |6 910_000000000000000_D_500_L |7 0 |9 115407 |a qbu |b qbu |d 2018-11-05 |o 910 D 500 l |p TC53.C25 |r 2018-11-05 |w 2018-11-05 |y BTC | ||
| 952 | |0 0 |1 0 |2 ddc |4 0 |6 910_000000000000000_D_500_L |7 0 |9 115408 |a qbu |b qbu |d 2018-11-05 |o 910 D 500 l |p TC53.C26 |r 2018-11-05 |w 2018-11-05 |y BTC | ||
| 952 | |0 0 |1 0 |2 ddc |4 0 |6 910_000000000000000_D_500_L |7 0 |9 115409 |a qbu |b qbu |d 2018-11-05 |o 910 D 500 l |p TC53.C27 |r 2018-11-05 |w 2018-11-05 |y BTC | ||
| 952 | |0 0 |1 0 |2 ddc |4 0 |6 910_000000000000000_D_500_L |7 0 |9 115410 |a qbu |b qbu |d 2018-11-05 |o 910 D 500 l |p TC53.C28 |r 2018-11-05 |w 2018-11-05 |y BTC | ||
| 952 | |0 0 |1 0 |2 ddc |4 0 |6 910_000000000000000_D_500_L |7 0 |9 115411 |a qbu |b qbu |d 2018-11-05 |o 910 D 500 l |p TC53.C29 |r 2018-11-05 |w 2018-11-05 |y BTC | ||
| 952 | |0 0 |1 0 |2 ddc |4 0 |6 910_000000000000000_D_500_L |7 0 |9 115412 |a qbu |b qbu |d 2018-11-05 |o 910 D 500 l |p TC53.C30 |r 2018-11-05 |w 2018-11-05 |y BTC | ||
| 952 | |0 0 |1 0 |2 ddc |4 0 |6 910_000000000000000_D_500_L |7 0 |9 115413 |a qbu |b qbu |d 2018-11-05 |o 910 D 500 l |p TC53.C31 |r 2018-11-05 |w 2018-11-05 |y BTC | ||
| 952 | |0 0 |1 0 |2 ddc |4 0 |6 910_000000000000000_D_500_L |7 0 |9 115414 |a qbu |b qbu |d 2018-11-05 |o 910 D 500 l |p TC53.C32 |r 2018-11-05 |w 2018-11-05 |y BTC | ||
| 952 | |0 0 |1 0 |2 ddc |4 0 |6 910_000000000000000_D_500_L |7 0 |9 115415 |a qbu |b qbu |d 2018-11-05 |o 910 D 500 l |p TC53.C33 |r 2018-11-05 |w 2018-11-05 |y BTC | ||
| 952 | |0 0 |1 0 |2 ddc |4 0 |6 910_000000000000000_D_500_L |7 0 |9 115416 |a qbu |b qbu |d 2018-11-05 |o 910 D 500 l |p TC53.C34 |r 2018-11-05 |w 2018-11-05 |y BTC | ||
| 952 | |0 0 |1 0 |2 ddc |4 0 |6 910_000000000000000_D_500_L |7 0 |9 115417 |a qbu |b qbu |d 2018-11-05 |o 910 D 500 l |p TC53.C35 |r 2018-11-05 |w 2018-11-05 |y BTC | ||
| 952 | |0 0 |1 0 |2 ddc |4 0 |6 910_000000000000000_D_500_L |7 0 |9 115418 |a qbu |b qbu |d 2018-11-05 |o 910 D 500 l |p TC53.C36 |r 2018-11-05 |w 2018-11-05 |y BTC | ||
| 952 | |0 0 |1 0 |2 ddc |4 0 |6 910_000000000000000_D_500_L |7 0 |9 115419 |a qbu |b qbu |d 2018-11-05 |o 910 D 500 l |p TC53.C37 |r 2018-11-05 |w 2018-11-05 |y BTC | ||
| 952 | |0 0 |1 0 |2 ddc |4 0 |6 910_000000000000000_D_500_L |7 0 |9 115420 |a qbu |b qbu |d 2018-11-05 |o 910 D 500 l |p TC53.C38 |r 2018-11-05 |w 2018-11-05 |y BTC | ||
| 952 | |0 0 |1 0 |2 ddc |4 0 |6 910_000000000000000_D_500_L |7 0 |9 115421 |a qbu |b qbu |d 2018-11-05 |o 910 D 500 l |p TC53.C39 |r 2018-11-05 |w 2018-11-05 |y BTC | ||
| 952 | |0 0 |1 0 |2 ddc |4 0 |6 910_000000000000000_D_500_L |7 0 |9 115422 |a qbu |b qbu |d 2018-11-05 |o 910 D 500 l |p TC53.C40 |r 2018-11-05 |w 2018-11-05 |y BTC | ||
| 952 | |0 0 |1 0 |2 ddc |4 0 |6 910_000000000000000_D_500_L |7 0 |9 115423 |a qbu |b qbu |d 2018-11-05 |o 910 D 500 l |p TC53.C41 |r 2018-11-05 |w 2018-11-05 |y BTC | ||
| 952 | |0 0 |1 0 |2 ddc |4 0 |6 910_000000000000000_D_500_L |7 0 |9 115424 |a qbu |b qbu |d 2018-11-05 |o 910 D 500 l |p TC53.C42 |r 2018-11-05 |w 2018-11-05 |y BTC | ||
| 952 | |0 0 |1 0 |2 ddc |4 0 |6 910_000000000000000_D_500_L |7 0 |9 115425 |a qbu |b qbu |d 2018-11-05 |o 910 D 500 l |p TC53.C43 |r 2018-11-05 |w 2018-11-05 |y BTC | ||
| 952 | |0 0 |1 0 |2 ddc |4 0 |6 910_000000000000000_D_500_L |7 0 |9 115426 |a qbu |b qbu |d 2018-11-05 |o 910 D 500 l |p TC53.C44 |r 2018-11-05 |w 2018-11-05 |y BTC | ||
| 952 | |0 0 |1 0 |2 ddc |4 0 |6 910_000000000000000_D_500_L |7 0 |9 115427 |a qbu |b qbu |d 2018-11-05 |o 910 D 500 l |p TC53.C45 |r 2018-11-05 |w 2018-11-05 |y BTC | ||
| 952 | |0 0 |1 0 |2 ddc |4 0 |6 910_000000000000000_D_500_L |7 0 |9 115428 |a qbu |b qbu |d 2018-11-05 |o 910 D 500 l |p TC53.C46 |r 2018-11-05 |w 2018-11-05 |y BTC | ||
| 952 | |0 0 |1 0 |2 ddc |4 0 |6 910_000000000000000_D_500_L |7 0 |9 115429 |a qbu |b qbu |d 2018-11-05 |o 910 D 500 l |p TC53.C47 |r 2018-11-05 |w 2018-11-05 |y BTC | ||
| 952 | |0 0 |1 0 |2 ddc |4 0 |6 910_000000000000000_D_500_L |7 0 |9 115430 |a qbu |b qbu |d 2018-11-05 |o 910 D 500 l |p TC53.C48 |r 2018-11-05 |w 2018-11-05 |y BTC | ||
| 952 | |0 0 |1 0 |2 ddc |4 0 |6 910_000000000000000_D_500_L |7 0 |9 115431 |a qbu |b qbu |d 2018-11-05 |o 910 D 500 l |p TC53.C49 |r 2018-11-05 |w 2018-11-05 |y BTC | ||
| 952 | |0 0 |1 0 |2 ddc |4 0 |6 910_000000000000000_D_500_L |7 0 |9 115432 |a qbu |b qbu |d 2018-11-05 |o 910 D 500 l |p TC53.C50 |r 2018-11-05 |w 2018-11-05 |y BTC | ||
| 952 | |0 0 |1 0 |2 ddc |4 0 |6 910_000000000000000_D_500_L |7 0 |9 115433 |a qbu |b qbu |d 2018-11-05 |o 910 D 500 l |p TC53.C51 |r 2018-11-05 |w 2018-11-05 |y BTC | ||
| 952 | |0 0 |1 0 |2 ddc |4 0 |6 910_000000000000000_D_500_L |7 0 |9 115434 |a qbu |b qbu |d 2018-11-05 |o 910 D 500 l |p TC53.C52 |r 2018-11-05 |w 2018-11-05 |y BTC | ||
| 952 | |0 0 |1 0 |2 ddc |4 0 |6 910_000000000000000_D_500_L |7 0 |9 115435 |a qbu |b qbu |d 2018-11-05 |o 910 D 500 l |p TC53.C53 |r 2018-11-05 |w 2018-11-05 |y BTC | ||
| 952 | |0 0 |1 0 |2 ddc |4 0 |6 910_000000000000000_D_500_L |7 0 |9 115436 |a qbu |b qbu |d 2018-11-05 |o 910 D 500 l |p TC53.C54 |r 2018-11-05 |w 2018-11-05 |y BTC | ||
| 952 | |0 0 |1 0 |2 ddc |4 0 |6 910_000000000000000_D_500_L |7 0 |9 115437 |a qbu |b qbu |d 2018-11-05 |o 910 D 500 l |p TC53.C55 |r 2018-11-05 |w 2018-11-05 |y BTC | ||
| 952 | |0 0 |1 0 |2 ddc |4 0 |6 910_000000000000000_D_500_L |7 0 |9 116712 |a qbu |b qbu |c D1 |d 2019-01-10 |o 910 D 500 l |p TC53.C56 |r 2019-01-10 |w 2019-01-10 |y BTC | ||
| 952 | |0 0 |1 0 |2 ddc |4 0 |6 910_000000000000000_D_500_L |7 0 |9 116713 |a qbu |b qbu |c D1 |d 2019-01-10 |o 910 D 500 l |p TC53.C57 |r 2019-01-10 |w 2019-01-10 |y BTC | ||
| 952 | |0 0 |1 0 |2 ddc |4 0 |6 910_000000000000000_D_500_L |7 0 |9 116714 |a qbu |b qbu |c D1 |d 2019-01-10 |o 910 D 500 l |p TC53.C58 |r 2019-01-10 |w 2019-01-10 |y BTC | ||
| 952 | |0 0 |1 0 |2 ddc |4 0 |6 910_000000000000000_D_500_L |7 0 |9 116715 |a qbu |b qbu |c D1 |d 2019-01-10 |o 910 D 500 l |p TC53.C59 |r 2019-01-10 |w 2019-01-10 |y BTC | ||
| 952 | |0 0 |1 0 |2 ddc |4 0 |6 910_000000000000000_D_500_L |7 0 |9 116716 |a qbu |b qbu |c D1 |d 2019-01-10 |o 910 D 500 l |p TC53.C60 |r 2019-01-10 |w 2019-01-10 |y BTC | ||
| 952 | |0 0 |1 0 |2 ddc |4 0 |6 910_000000000000000_D_500_L |7 0 |9 116717 |a qbu |b qbu |c D1 |d 2019-01-10 |o 910 D 500 l |p TC53.C61 |r 2019-01-10 |w 2019-01-10 |y BTC | ||
| 952 | |0 0 |1 0 |2 ddc |4 0 |6 910_000000000000000_D_500_L |7 0 |8 900 |9 116859 |a qbu |b qbu |c D1 |d 2019-05-22 |o 910 D 500 l |p TC53.C62 |r 2019-05-22 |w 2019-05-22 |y BTC | ||
| 952 | |0 0 |1 0 |2 ddc |4 0 |6 910_000000000000000_D_500_L |7 0 |8 900 |9 116860 |a qbu |b qbu |c D1 |d 2019-05-22 |o 910 D 500 l |p TC53.C63 |r 2019-05-22 |w 2019-05-22 |y BTC | ||
| 952 | |0 0 |1 0 |2 ddc |4 0 |6 910_000000000000000_D_500_L |7 0 |8 900 |9 116861 |a qbu |b qbu |c D1 |d 2019-05-22 |o 910 D 500 l |p TC53.C64 |r 2019-05-22 |w 2019-05-22 |y BTC | ||
| 952 | |0 0 |1 0 |2 ddc |4 0 |6 910_000000000000000_D_500_L |7 0 |8 900 |9 116938 |a qbu |b qbu |c D1 |d 2019-06-06 |o 910 D 500 l |p TC53.C65 |r 2019-06-06 |w 2019-06-06 |y BTC | ||
| 952 | |0 0 |1 0 |2 ddc |4 0 |6 910_000000000000000_D_500_L |7 0 |8 900 |9 117301 |a qbu |b qbu |c D1 |d 2019-09-10 |o 910 D 500 l |p TC53.C66 |r 2019-09-10 |w 2019-09-10 |y BTC | ||
| 952 | |0 0 |1 0 |2 ddc |4 0 |6 910_000000000000000_D_500_L |7 0 |8 900 |9 117302 |a qbu |b qbu |c D1 |d 2019-09-10 |o 910 D 500 l |p TC53.C67 |r 2019-09-10 |w 2019-09-10 |y BTC | ||
| 952 | |0 0 |1 0 |2 ddc |4 0 |6 910_000000000000000_D_500_L |7 0 |8 900 |9 117303 |a qbu |b qbu |c D1 |d 2019-09-10 |o 910 D 500 l |p TC53.C68 |r 2019-09-10 |w 2019-09-10 |y BTC | ||
| 952 | |0 0 |1 0 |2 ddc |4 0 |6 910_000000000000000_D_500_L |7 0 |8 900 |9 117755 |a qbu |b qbu |c D1 |d 2020-05-14 |o 910 D 500 l |p TC53.C69 |r 2020-05-14 |w 2020-05-14 |y BTC | ||